[Event "Mitropa Cup"]
[Site "Leipzig GER"]
[Date "2002.05.06"]
[Round "4"]
[White "Pavasovic, D."]
[Black "Groetz, H."]
[Result "1-0"]
[WhiteElo "2567"]
[BlackElo "2353"]
[PlyCount "93"]
[EventDate "2002.05.03"]
[SourceDate "2005.08.11"]

1. e4 c5 2. c3 d5 3. exd5 Qxd5 4. d4 e6 5. Nf3 Nf6 6. Be3 cxd4 7. cxd4 Nc6 8.
Nc3 Qd6 9. a3 Be7 10. Bd3 b6 11. O-O O-O 12. Qe2 Bb7 13. Rad1 Rfd8 14. Rfe1 h6
15. Bb1 Bf8 16. Bc1 g6 17. Ba2 Ne7 18. Ne5 Nf5 19. Bf4 Qe7 20. Nxf7 Kxf7 21.
Bxe6+ Kg7 22. d5 Kh7 23. Qf3 Ng7 24. Bg8+ Nxg8 25. Rxe7 Bxe7 26. Be5 Rf8 27.
Qd3 Bc5 28. Ne4 Rad8 29. Bxg7 Kxg7 30. Nxc5 bxc5 31. Qc3+ Nf6 32. Qxc5 Rxd5 33.
Rxd5 Bxd5 34. Qxa7+ Rf7 35. Qc5 Bb7 36. b4 g5 37. a4 Rd7 38. h3 g4 39. Kh2 gxh3
40. Kxh3 Rd3+ 41. f3 Kg6 42. a5 Rd5 43. Qc4 Rd2 44. b5 Bd5 45. Qb4 Rc2 46. Qb1
Be6+ 47. g4 1-0

[Event "5th Open"]
[Site "Dubai UAE"]
[Date "2003.04.26"]
[Round "7"]
[White "Sveshnikov, E."]
[Black "Gashimov, V."]
[Result "1-0"]
[WhiteElo "2551"]
[BlackElo "2579"]
[PlyCount "176"]
[EventDate "2003.04.20"]
[SourceDate "2005.08.11"]

1. e4 c5 2. c3 d5 3. exd5 Qxd5 4. d4 Nf6 5. Nf3 Bg4 6. dxc5 Qxc5 7. Na3 a6 8.
h3 Bh5 9. Be3 Qc7 10. g4 Bg6 11. Bg2 e6 12. Qa4+ Nbd7 13. Bf4 Qc8 14. Ne5 Bc5
15. O-O-O Ra7 16. Nxd7 Nxd7 17. Bd6 b5 18. Qf4 Bxd6 19. Qxd6 Qc5 20. f4 b4 21.
Nc4 bxc3 22. f5 cxb2+ 23. Kb1 Bxf5+ 24. gxf5 Qxf5+ 25. Rd3 Qc5 26. Rhd1 Qxd6
27. Nxd6+ Ke7 28. Nxf7 Rc8 29. Kxb2 Rc5 30. Nd6 Rac7 31. R3d2 Ne5 32. Bf1 R5c6
33. Be2 g5 34. Ne4 h6 35. Rf1 Rb6+ 36. Ka1 Rbc6 37. Kb1 Ng6 38. Nf6 Nf4 39.
Ng8+ Kf8 40. Nxh6 Kg7 41. Ng4 Nxh3 42. Ne5 Rb6+ 43. Rb2 Rd6 44. Nd3 Rf7 45.
Rxf7+ Kxf7 46. Nc5 Nf4 47. Ne4 Rd5 48. Bxa6 Kg6 49. Bb7 Ra5 50. Nf2 Kh5 51.
Bf3+ Kh4 52. Rb3 e5 53. Re3 Rb5+ 54. Kc2 Rc5+ 55. Kd2 Rb5 56. Kc3 Rc5+ 57. Kb2
Rb5+ 58. Ka1 Ra5 59. a3 Rc5 60. Kb2 Rb5+ 61. Ka2 Rc5 62. Ng4 Ng6 63. Kb3 Kg3
64. Be2+ Kg2 65. Kb4 Rc7 66. a4 Nf4 67. Bf3+ Kg3 68. a5 e4 69. Bd1+ Kg2 70.
Rxe4 Nd5+ 71. Kb3 Rc3+ 72. Kb2 Rc5 73. a6 Nc3 74. Rd4 Nxd1+ 75. Rxd1 Rb5+ 76.
Kc3 Ra5 77. Rd6 Kf3 78. Nf6 g4 79. Nxg4 Kxg4 80. Kb4 Ra1 81. Kb5 Kf5 82. Kb6
Ke5 83. Kc7 Rh1 84. Rg6 Kd5 85. a7 Rh7+ 86. Kb6 Rh8 87. Rg7 Kd6 88. Kb7 Kd5 1-0

[Event "Eu Rapid Ch"]
[Site "Panormo GRE"]
[Date "2002.10.01"]
[Round "8"]
[White "Movsesian, S."]
[Black "Borovikov, V."]
[Result "1-0"]
[WhiteElo "2654"]
[BlackElo "2570"]
[PlyCount "95"]
[EventDate "2002.09.30"]
[SourceDate "2005.08.11"]

1. e4 e6 2. d4 d5 3. e5 c5 4. c3 Nc6 5. Nf3 Nge7 6. Na3 cxd4 7. cxd4 Nf5 8. Nc2
Bd7 9. Be2 Qb6 10. h4 Nb4 11. Nxb4 Bxb4+ 12. Kf1 Bb5 13. g4 Bxe2+ 14. Kxe2 Qa6+
15. Qd3 Qxd3+ 16. Kxd3 Ne7 17. h5 h6 18. a3 Ba5 19. Nh4 Kd7 20. f4 Rac8 21. Be3
g6 22. Nf3 Rcg8 23. Rag1 Bd8 24. Rh2 Rg7 25. hxg6 fxg6 26. Rgh1 Ng8 27. Ng5 Be7
28. Bd2 Bd8 29. a4 a6 30. Be3 Be7 31. b3 Bf8 32. Bd2 Be7 33. b4 Bd8 34. b5 a5
35. b6 Ne7 36. Rxh6 Rxh6 37. Rxh6 Nc6 38. Nh7 Bxb6 39. Be3 Ke7 40. Nf6 Bd8 41.
Bf2 Kf7 42. Bh4 Bb6 43. Rh8 Bxd4 44. Bg5 Bxe5 45. Ne8 Rg8 46. Nd6+ Kg7 47. Bf6+
Kf8 48. Rh7 1-0

[Event "3rd IECC"]
[Site "Batumi GEO"]
[Date "2002.06.20"]
[Round "8"]
[White "Minasian, Art"]
[Black "Gaprindashvili, V."]
[Result "1/2-1/2"]
[WhiteElo "2572"]
[BlackElo "2476"]
[PlyCount "98"]
[EventDate "2002.06.12"]
[SourceDate "2005.08.11"]

1. e4 e6 2. d4 d5 3. e5 c5 4. c3 Nc6 5. Nf3 Bd7 6. Be2 Nge7 7. Na3 cxd4 8. cxd4
Nf5 9. Nc2 Qa5+ 10. Bd2 Qb6 11. Bc3 Nb4 12. Ne3 Nxe3 13. fxe3 Bb5 14. O-O Be7
15. Bxb4 Bxe2 16. Qxe2 Qxb4 17. Rac1 O-O 18. Rc7 Bd8 19. a3 Qb3 20. Rc3 Qa4 21.
Rfc1 Qd7 22. Ne1 Ba5 23. b4 Bb6 24. Nd3 Rfc8 25. Qc2 Rxc3 26. Qxc3 h6 27. Nc5
Bxc5 28. bxc5 Rc8 29. h3 Qa4 30. Qb4 Qa6 31. a4 Qd3 32. Rc3 Qd2 33. Rb3 Qd1+
34. Kh2 b6 35. Rc3 Qe1 36. cxb6 Qxc3 37. b7 Qxb4 38. bxc8=Q+ Kh7 39. Qc2+ Kg8
40. Qc8+ Kh7 41. Qd7 Qa3 42. Qxa7 Qxe3 43. Qa5 g6 44. Qc5 h5 45. Qb4 h4 46. a5
Qf4+ 47. Kg1 Qe3+ 48. Kh2 Qf4+ 49. Kg1 Qe3+ 1/2-1/2

[Event "National I"]
[Site "Bordeaux FRA"]
[Date "2003.04.06"]
[Round "6"]
[White "Grischuk, A."]
[Black "Apicella, M."]
[Result "1-0"]
[WhiteElo "2701"]
[BlackElo "2501"]
[PlyCount "70"]
[EventDate "2003.04.01"]
[SourceDate "2005.08.11"]

1. e4 e6 2. d4 d5 3. e5 c5 4. c3 Nc6 5. Nf3 Qb6 6. a3 c4 7. Nbd2 Na5 8. g3 Bd7
9. h4 f5 10. exf6 Nxf6 11. Ne5 Bd6 12. Bh3 Bxe5 13. dxe5 Ng8 14. Qg4 g6 15. O-O
Ne7 16. Nf3 Nb3 17. Be3 Qc7 18. Rad1 h6 19. h5 g5 20. Nd4 Nxd4 21. cxd4 O-O-O
22. Bd2 Nc6 23. Kh2 b5 24. f4 gxf4 25. Rxf4 Qb6 26. Rf6 b4 27. axb4 Nxb4 28.
Bxh6 Nd3 29. Rd2 Nxb2 30. Bg7 Rhe8 31. h6 a5 32. h7 a4 33. Qf3 Qb4 34. Rf2 c3
35. Rf8 Qb3 1-0

[Event "10th Chigorin Mem"]
[Site "St Petersburg RUS"]
[Date "2002.10.31"]
[Round "6"]
[White "Vysochin, S."]
[Black "Polivanov, A."]
[Result "1-0"]
[WhiteElo "2562"]
[BlackElo "2395"]
[PlyCount "89"]
[EventDate "2002.10.25"]
[SourceDate "2005.08.11"]

1. e4 e6 2. d4 d5 3. e5 c5 4. c3 Qb6 5. Nf3 Nc6 6. a3 Nh6 7. b4 cxd4 8. cxd4
Nf5 9. Bb2 Be7 10. h4 h5 11. Bd3 a5 12. Bxf5 exf5 13. Nc3 Be6 14. b5 a4 15. Qd3
Na7 16. O-O Rc8 17. Bc1 Rc4 18. Ne2 Qxb5 19. Bg5 Qb3 20. Qxb3 axb3 21. Bxe7
Kxe7 22. Rfb1 Rhc8 23. Rxb3 b5 24. Nf4 g6 25. g3 Rc3 26. Rab1 R8c4 27. Kg2 Ke8
28. Ng5 Bd7 29. e6 Bxe6 30. Ngxe6 Rxb3 31. Rxb3 fxe6 32. Nxe6 Nc6 33. Rxb5 Nxd4
34. Rb8+ Kf7 35. Nf4 Rc7 36. Rb6 Ra7 37. Nxg6 Rxa3 38. Nf4 Nc2 39. Nxd5 Ne1+
40. Kf1 Ra1 41. Rf6+ Kg7 42. Rxf5 Kg6 43. Rg5+ Kh6 44. Ke2 Nc2 45. Nf4 1-0

[Event "Lost Boys Open"]
[Site "Amsterdam NED"]
[Date "2002.08.02"]
[Round "8"]
[White "Smeets, J."]
[Black "Timman, J."]
[Result "1-0"]
[WhiteElo "2392"]
[BlackElo "2623"]
[PlyCount "71"]
[EventDate "2002.07.26"]
[SourceDate "2005.08.11"]

1. e4 e5 2. Nf3 Nc6 3. d4 exd4 4. Nxd4 Nf6 5. Nxc6 bxc6 6. e5 Qe7 7. Qe2 Nd5 8.
c4 Ba6 9. b3 g5 10. h4 Bg7 11. Bb2 Nf4 12. Qe3 h6 13. Nd2 Ng6 14. Nf3 gxh4 15.
O-O-O O-O 16. Qd4 Rad8 17. Qxa7 Nxe5 18. Qxc7 Nxf3 19. Bxg7 Qg5+ 20. Kc2 Kxg7
21. gxf3 d5 22. Rd4 Bc8 23. Rhxh4 Bf5+ 24. Kb2 Bg6 25. Qf4 dxc4 26. Bxc4 c5 27.
Rxd8 Rxd8 28. Kc3 Rd1 29. a4 Rc1+ 30. Kb2 Rc2+ 31. Ka3 Rxf2 32. a5 Rxf3 33.
Qxg5 hxg5 34. Rg4 f5 35. Rxg5 Kf6 36. a6 1-0

[Event "7th HIT Open"]
[Site "Nova Gorica SLO"]
[Date "2002.02.06"]
[Round "7"]
[White "Pavasovic, D."]
[Black "Korneev, O."]
[Result "1-0"]
[WhiteElo "2547"]
[BlackElo "2568"]
[PlyCount "55"]
[EventDate "2002.01.12"]
[SourceDate "2005.08.11"]

1. e4 e5 2. Nf3 Nc6 3. d4 exd4 4. Nxd4 Bc5 5. Nxc6 Qf6 6. Qd2 dxc6 7. Nc3 Be6
8. Na4 Bd6 9. Qe3 Nh6 10. h3 Qg6 11. g4 O-O 12. Bd2 b5 13. Nc3 b4 14. Ne2 Rae8
15. O-O-O Bxa2 16. f3 Bc4 17. Nf4 Bxf4 18. Qxf4 Bxf1 19. Rhxf1 c5 20. g5 Qa6
21. Kb1 Qa5 22. gxh6 Re6 23. Qg5 Rxh6 24. Rg1 Rg6 25. Qe5 Qb5 26. Be3 Qe2 27.
Bxc5 Rg2 28. Rxg2 1-0

[Event "TCh-NED Playoff"]
[Site "Enschede NED"]
[Date "2003.06.22"]
[Round "2"]
[White "Van der Wiel, J."]
[Black "Pliester, L."]
[Result "1-0"]
[WhiteElo "2508"]
[BlackElo "2396"]
[PlyCount "93"]
[EventDate "2003.06.21"]
[SourceDate "2005.08.11"]

1. e4 e5 2. Nf3 Nc6 3. d4 exd4 4. Nxd4 Qh4 5. Nc3 Bb4 6. Be2 Qxe4 7. Ndb5 Bxc3+
8. bxc3 Kd8 9. O-O Nf6 10. Rb1 a6 11. Nd4 Nxd4 12. cxd4 Re8 13. Bf3 Qg6 14. Bf4
d6 15. Qc1 Bf5 16. Rxb7 Be4 17. Rb3 Kd7 18. Qa3 Bxf3 19. Rxf3 Qe4 20. Bh6 Qg6
21. Bf4 Qe4 22. Bg5 Qxd4 23. c3 Qe5 24. Bxf6 gxf6 25. Qa4+ c6 26. g3 a5 27. Qb3
Rab8 28. Qxf7+ Re7 29. Qxf6 Qxf6 30. Rxf6 Rb2 31. a4 Rc2 32. Rd1 Re6 33. Rf3 d5
34. Rb1 Ra2 35. Rb7+ Kd6 36. Rxh7 Rxa4 37. h4 Ra1+ 38. Kg2 a4 39. Ra7 a3 40.
Rf4 a2 41. h5 c5 42. Rfa4 Rc1 43. Rxa2 Rxc3 44. h6 Rb3 45. h7 Re8 46. R2a6+ Ke5
47. Re7+ 1-0

[Event "ch-IND National A"]
[Site "Calicut IND"]
[Date "2003.12.07"]
[Round "6"]
[White "Sandipan, C."]
[Black "Singh, SV."]
[Result "1-0"]
[WhiteElo "2504"]
[BlackElo "2342"]
[PlyCount "59"]
[EventDate "2003.12.04"]
[SourceDate "2005.08.11"]

1. e4 e5 2. Nf3 Nf6 3. Nxe5 d6 4. Nf3 Nxe4 5. Nc3 Nxc3 6. dxc3 Be7 7. Bf4 Nc6
8. Qd2 Bg4 9. Be2 Qd7 10. h3 Bf5 11. O-O-O a6 12. g4 Be6 13. Ng5 Bxg5 14. Bxg5
h6 15. Bh4 g5 16. Bg3 O-O-O 17. f4 gxf4 18. Bxf4 h5 19. gxh5 f6 20. h4 Bg4 21.
h6 Ne5 22. Rdf1 Bxe2 23. Qxe2 Qe6 24. Kb1 Rd7 25. Rhg1 Rhh7 26. Bc1 c5 27. Qf2
Ng4 28. Qf5 Qxf5 29. Rxf5 Nxh6 30. Rh5 1-0

[Event "IV Dos Hermanas Internet Final"]
[Site "ICC INT"]
[Date "2003.03.21"]
[Round "2.3"]
[White "Potkin, V."]
[Black "Kobalia, M."]
[Result "1-0"]
[WhiteElo "2516"]
[BlackElo "2635"]
[PlyCount "63"]
[EventDate "2003.03.21"]
[SourceDate "2005.08.11"]

1. e4 e5 2. Nf3 d6 3. d4 exd4 4. Nxd4 Nf6 5. Nc3 Be7 6. Bf4 O-O 7. Qd2 Nc6 8.
O-O-O Nxd4 9. Qxd4 Be6 10. Qd2 a6 11. f3 b5 12. g4 Re8 13. h4 Nd7 14. g5 Ne5
15. Be2 Bf8 16. h5 Qb8 17. Kb1 b4 18. Nd5 a5 19. h6 Bxd5 20. Qxd5 g6 21. Be3 c6
22. Qd4 d5 23. Bf4 Bd6 24. Bh2 Bf8 25. f4 Nc4 26. f5 Qb7 27. fxg6 Na3+ 28. bxa3
bxa3+ 29. Ka1 fxg6 30. Rb1 Qe7 31. Rhf1 Qxg5 32. Rxf8+ 1-0

[Event "12th Goodricke Open"]
[Site "Calcutta IND"]
[Date "2001.02.09"]
[Round "4"]
[White "Kunte, A."]
[Black "Prakash, G."]
[Result "1-0"]
[WhiteElo "2568"]
[BlackElo "2453"]
[PlyCount "85"]
[EventDate "2001.02.06"]
[SourceDate "2005.08.11"]

1. e4 c6 2. d4 d5 3. exd5 cxd5 4. c4 Nf6 5. Nc3 e6 6. Nf3 Bb4 7. cxd5 Nxd5 8.
Qc2 Nc6 9. Bd3 Ba5 10. a3 Nxc3 11. bxc3 Nxd4 12. Nxd4 Qxd4 13. Bb5+ Bd7 14. O-O
Qd5 15. c4 Qf5 16. Bxd7+ Kxd7 17. Qb2 b6 18. a4 Ke7 19. Qa3+ Kf6 20. Qg3 e5 21.
Bb2 Ke6 22. Rad1 Rhd8 23. Rd5 Rxd5 24. cxd5+ Kd7 25. Qb3 Rc8 26. h3 a6 27. Qg3
Rc5 28. Bxe5 Rxd5 29. Bxg7 Qg6 30. Qf3 Qf5 31. Qe2 Qd3 32. Qb2 Qe4 33. Bh6 Rd6
34. Be3 h5 35. Qh8 Qxa4 36. Qxh5 Qb3 37. Bf4 Rd3 38. Rc1 b5 39. Qf5+ Ke8 40.
Qe4+ Kd7 41. Qc6+ Ke7 42. Bg5+ Kf8 43. Qh6+ 1-0

[Event "SCO-ch"]
[Site "Edinburgh"]
[Date "1999.07.19"]
[Round "4"]
[White "Motwani, Paul"]
[Black "Summerscale, Aaron"]
[Result "1/2-1/2"]
[WhiteElo "2465"]
[BlackElo "2420"]
[PlyCount "53"]
[EventDate "1999.07.16"]
[EventType "swiss"]
[EventRounds "9"]
[EventCountry "SCO"]
[SourceDate "2005.08.11"]

1. e4 d6 2. d4 Nf6 3. Nc3 c6 4. f4 Qa5 5. e5 Ne4 6. Qf3 d5 7. Bd3 Na6 8. Nge2
Nb4 9. O-O Nxd3 10. cxd3 Nxc3 11. bxc3 g6 12. a4 h5 13. h3 h4 14. Ba3 Bf5 15.
Rfb1 Qc7 16. Qe3 e6 17. a5 Bxa3 18. Rxa3 O-O 19. Kh2 b6 20. Rba1 Rab8 21. axb6
axb6 22. Ng1 Kg7 23. Nf3 Rh8 24. Ra7 Rb7 25. Ra8 Rbb8 26. R8a7 Rb7 27. Ra8
1/2-1/2

[Event "Biel MTO op"]
[Site "Biel"]
[Date "2000.07.31"]
[Round "7"]
[White "Volokitin, Andrei"]
[Black "Vovsha, Eli"]
[Result "1-0"]
[WhiteElo "2447"]
[BlackElo "2353"]
[PlyCount "77"]
[EventDate "2000.07.24"]
[EventType "swiss"]
[EventRounds "11"]
[EventCountry "SUI"]
[SourceDate "2005.08.11"]

1. e4 d5 2. exd5 Qxd5 3. Nc3 Qa5 4. d4 Nf6 5. Nf3 c6 6. Bc4 Bf5 7. Ne5 e6 8. g4
Bg6 9. h4 Nbd7 10. Nxd7 Nxd7 11. h5 Be4 12. Rh3 Bg2 13. Re3 Nb6 14. Bd3 Nd5 15.
f3 Nxc3 16. bxc3 Qxc3+ 17. Bd2 Qxd4 18. Rb1 Bc5 19. Qe2 Bh3 20. Qh2 Bxg4 21.
Re4 Qd5 22. fxg4 O-O-O 23. Rb3 g6 24. Bc3 f5 25. Re5 Qd6 26. Re2 Rhe8 27. Qxd6
Bxd6 28. Bf6 Bg3+ 29. Kf1 Rd6 30. gxf5 e5 31. Bg5 gxh5 32. f6 h6 33. f7 Rf8 34.
Bc4 b5 35. Be7 Rd1+ 36. Kg2 bxc4 37. Bxf8 cxb3 38. axb3 Rd7 39. Be7 1-0

[Event "5th Open"]
[Site "Vins du Medoc FRA"]
[Date "2002.07.02"]
[Round "4"]
[White "Iordachescu, V."]
[Black "Wohl, A."]
[Result "1-0"]
[WhiteElo "2555"]
[BlackElo "2388"]
[PlyCount "87"]
[EventDate "2002.06.30"]
[SourceDate "2005.08.11"]

1. e4 Nf6 2. e5 Nd5 3. d4 d6 4. Nf3 dxe5 5. Nxe5 c6 6. Bc4 Nd7 7. Nf3 e6 8. O-O
b5 9. Bd3 Bb7 10. a4 a6 11. Re1 Be7 12. Nbd2 Qb6 13. c4 bxc4 14. Nxc4 Qc7 15.
Bg5 c5 16. Rc1 O-O 17. Bxe7 Nxe7 18. Nce5 Rad8 19. b4 Nxe5 20. Nxe5 f6 21. Rxc5
Qd6 22. Qh5 Nf5 23. Nf3 g6 24. Qh3 Bxf3 25. Bxf5 exf5 26. Qxf3 Qxd4 27. Qb3+
Kh8 28. g3 Rfe8 29. Rcc1 f4 30. b5 axb5 31. axb5 fxg3 32. hxg3 Rxe1+ 33. Rxe1
Qd2 34. Rb1 Qd3 35. Qxd3 Rxd3 36. b6 Rd8 37. b7 Rb8 38. Kg2 Kg7 39. Kf3 g5 40.
Ke4 Kg6 41. Kd5 Kf5 42. Rb4 h5 43. Kc6 g4 44. Kc7 1-0

[Event "Open"]
[Site "Pula CRO"]
[Date "2002.05.16"]
[Round "6"]
[White "Rowson, J."]
[Black "Filipovic, Br"]
[Result "1-0"]
[WhiteElo "2527"]
[BlackElo "2442"]
[PlyCount "87"]
[EventDate "2002.05.12"]
[SourceDate "2005.08.11"]

1. e4 b6 2. d4 Bb7 3. Bd3 e6 4. Qe2 d5 5. e5 c5 6. c3 Qc8 7. Nf3 Ba6 8. c4 cxd4
9. Nbd2 dxc4 10. Nxc4 Bxc4 11. Bxc4 Bb4+ 12. Kf1 a6 13. g3 Nc6 14. Kg2 b5 15.
Bd3 Nge7 16. a3 Ba5 17. a4 b4 18. Bg5 h6 19. Bxe7 Nxe7 20. Rhc1 Qd8 21. Bxa6
O-O 22. Bd3 Qd7 23. Qe4 g6 24. h4 Bb6 25. h5 Rxa4 26. Rxa4 Qxa4 27. Qf4 Qb3 28.
Bc2 Qd5 29. Be4 Qd7 30. Qxh6 Nf5 31. Bxf5 gxf5 32. Ng5 f6 33. exf6 Bd8 34. f7+
Rxf7 35. Nxf7 Qd5+ 36. Kg1 Kxf7 37. Qg6+ Ke7 38. h6 d3 39. h7 Qd4 40. Qh5 Qxb2
41. Rd1 Qh8 42. Rxd3 Bb6 43. Qg5+ Kf8 44. Rd7 1-0

[Event "XXVII Open"]
[Site "Seville ESP"]
[Date "2002.01.12"]
[Round "2"]
[White "Campora, D."]
[Black "Salgado Gonzalez, J."]
[Result "1-0"]
[WhiteElo "2542"]
[BlackElo "2063"]
[PlyCount "49"]
[EventDate "2002.01.11"]
[SourceDate "2005.08.11"]

1. e4 Nc6 2. d4 d5 3. Nc3 Nf6 4. e5 Nd7 5. Nf3 Nb6 6. Bb5 Bg4 7. h3 Bxf3 8.
Qxf3 e6 9. O-O g6 10. Rd1 Bg7 11. a4 a5 12. b3 O-O 13. Bxc6 bxc6 14. Ba3 Re8
15. Ne2 f6 16. Qc3 fxe5 17. dxe5 Nd7 18. f4 g5 19. g3 gxf4 20. gxf4 Qh4 21. Rd3
Qh5 22. Re1 Kh8 23. Qxc6 Nxe5 24. fxe5 Bxe5 25. Ng3 1-0